000 00409nam a2200181Ia 4500
003 IT-RoPAU
008 120407s9999 xx 000 0 und d
040 _aIT-RoPAU
040 _cIT-RoPAU
100 _aGiuseppe Perardi
245 _aLa dottrina cattolica. La morale (vol. I)
250 _aTorino
260 _aLice
300 _c cm
490 _v1
600 _amanca il secondo volume
942 _cBK
999 _c7771
_d7771